Statistiques concernant Quel pays a plus de gens?

Cliquez ici pour prendre le quiz!

Statistiques générales

  • Ce quiz a été pris 113 fois
  • Le résultat moyen est 9 sur 15

Statistiques - réponses

QuestionRéponse% Correct
?Royaume-Uni
84%
?Chine
83%
?Fidji
80%
?Chypre
72%
?Afghanistan
63%
?Russie
62%
?Nouvelle-Zélande
60%
?Sainte-Lucie
60%
?Luxembourg
57%
?Suisse
54%
?Suède
47%
?Allemagne
43%
?Andorre
39%
?Groenland
35%
?Népal
32%

Distribution des résultats

Percentile par nombre de réponses

% des personnes avec chaque résultat

Votre développement - résultats

Vous n’avez pas pris ce quiz